Slovenia: Autumn Report 2006 (Record no. 6380)

MARC details
000 -LEADER
fixed length control field 00473nas a22002057i 4500
001 - CONTROL NUMBER
control field 7497
003 - CONTROL NUMBER IDENTIFIER
control field OSt
005 - DATE AND TIME OF LATEST TRANSACTION
control field 20170216211011.0
007 - PHYSICAL DESCRIPTION FIXED FIELD--GENERAL INFORMATION
fixed length control field tu
008 - FIXED-LENGTH DATA ELEMENTS--GENERAL INFORMATION
fixed length control field 161220s2006 xxu||||| |||| 00| 0 d
022 ## - INTERNATIONAL STANDARD SERIAL NUMBER
International Standard Serial Number 1318-3842
024 7# - OTHER STANDARD IDENTIFIER
Standard number or code 7497
Source of number or code RID
024 7# - OTHER STANDARD IDENTIFIER
Standard number or code 7497
Source of number or code RSN (alt)
040 ## - CATALOGING SOURCE
Transcribing agency OSt
110 2# - MAIN ENTRY--CORPORATE NAME
Corporate name or jurisdiction name as entry element Institute of Macroeconomic Analysis and Development
245 00 - TITLE STATEMENT
Title Slovenia: Autumn Report 2006
260 ## - PUBLICATION, DISTRIBUTION, ETC.
Place of publication, distribution, etc. Ljubljana,
Date of publication, distribution, etc. 2006.
300 ## - PHYSICAL DESCRIPTION
Extent 157 S.
651 ## - SUBJECT ADDED ENTRY--GEOGRAPHIC NAME
Geographic name Slovenia
942 ## - ADDED ENTRY ELEMENTS (KOHA)
Koha item type Paper
Holdings
Withdrawn status Lost status Damaged status Not for loan Home library Current library Shelving location Date acquired Inventory number Total Checkouts Barcode Date last seen Price effective from Koha item type
        WIIW WIIW Library 01/16/2007 7497   10003469 01/26/2017 01/26/2017 Paper
The Vienna Instiute for International Economic Studies (wiiw)